| 000 -ლიდერი |
| ფიქსირებული სიგრძის საკონტროლო ველი |
01422nam a22002537a 4500 |
| 003 - საკონტროლო ნომრის იდენტიფიკატორი |
| საკონტროლო ველი |
Ge_BSU |
| 005 - ბოლო ოპერაციის თარიღი და დრო |
| საკონტროლო ველი |
20240730111905.0 |
| 008 - ფიქსირებული სიგრძის მონაცემთა ელემენტები - ზოგადი ინფორმაცია |
| ფიქსირებული სიგრძის საკონტროლო ველი |
240730s2024 ge ||||| |||| 00| 0 geo d |
| 020 ## - წიგნის საერთაშორისო სტანდარტული ნომერი |
| International Standard Book Number |
9789941966279 |
| 041 ## - ენის კოდი |
| Language code of text/sound track or separate title |
geo |
| 080 ## - უნივერსალური ათობითი კლასიფიკაციის ინდექსი |
| Universal Decimal Classification number |
338.47:656 ს-85 |
| 100 ## - მთავარი ჩანაწერი - პიროვნების სახელი |
| Personal name |
სტოპფორდი, მარტინ |
| Relator term |
ავტორი |
| 9 (RLIN) |
22996 |
| 245 ## - ცნობა სათაურის შესახებ |
| Title |
საზღვაო ეკონომიკა / |
| Statement of responsibility, etc |
მარტინ სტოპფორდი, მთარგმნ.მედეა აბაშიძე, ზურაბ ბეჟანოვი, სოფიო დუმბაძე და სხვ. |
| 250 ## - გამოცემის ცნობა |
| Edition statement |
მე-3 გამოცემა (შემოკლებული თარგმანი) |
| 264 ## - წარმოების, გამოცემის, დისტრიბუციის და სხვა ცნობები |
| გამოცემის, წარმოების, დისტრიბუციის... ადგილი |
თბილისი : |
| გამოცემის, წარმოების, დისტრიბუციის... სახელწოდება |
დანი, |
| გამოცემის, წარმოების, დისტრიბუციის... თარიღი |
2024. |
| 300 ## - ფიზიკური აღწერა |
| Extent |
368 გვ.: |
| Other physical details |
24 სმ. |
| 653 ## - INDEX TERM--UNCONTROLLED |
| Uncontrolled term |
საზღვაო ეკონომიკა |
| 700 ## - ADDED ENTRY--PERSONAL NAME |
| Personal name |
აბაშიძე, მედეა |
| Relator term |
მთარგმნელი |
| 9 (RLIN) |
11368 |
| 700 ## - ADDED ENTRY--PERSONAL NAME |
| Personal name |
ბეჟანოვი, ზურაბ |
| Relator term |
მთარგმნელი |
| 9 (RLIN) |
22997 |
| 700 ## - ADDED ENTRY--PERSONAL NAME |
| Personal name |
დუმბაძე, სოფიო |
| Relator term |
მთარგმნელი |
| 9 (RLIN) |
22998 |
| 710 ## - ADDED ENTRY--CORPORATE NAME |
| Corporate name or jurisdiction name as entry element |
ქართული გამოცემა ბათუმის სახელმწიფო საზღვაო აკადემია |
| 9 (RLIN) |
22999 |
| 773 ## - HOST ITEM ENTRY |
| Title |
ნაჩუქარი |
| 942 ## - ADDED ENTRY ELEMENTS (KOHA) |
| Source of classification or shelving scheme |
|
| Koha item type |
წიგნი |